Millennium family encyclopedia. (Record no. 112236)
[ view plain ]
| 000 -LEADER | |
|---|---|
| fixed length control field | 00563nam a2200217 a 4500 |
| 001 - CONTROL NUMBER | |
| control field | 1673 |
| 005 - DATE AND TIME OF LATEST TRANSACTION | |
| control field | 20140414131931.0 |
| 008 - FIXED-LENGTH DATA ELEMENTS--GENERAL INFORMATION | |
| fixed length control field | 000826s19uu xx 00 eng d |
| 020 ## - INTERNATIONAL STANDARD BOOK NUMBER | |
| International Standard Book Number | 0-7513-5614-X |
| 050 ## - LIBRARY OF CONGRESS CALL NUMBER | |
| Classification number | REF 031 |
| Item number | D67 1997 |
| 245 ## - TITLE STATEMENT | |
| Title | Millennium family encyclopedia. |
| 260 ## - PUBLICATION, DISTRIBUTION, ETC. (IMPRINT) | |
| Place of publication, distribution, etc | London : |
| Name of publisher, distributor, etc | Dorling Kindersley, |
| Date of publication, distribution, etc | 1997. |
| 300 ## - PHYSICAL DESCRIPTION | |
| Extent | 1008 p. ; cm. |
| 440 ## - SERIES STATEMENT/ADDED ENTRY--TITLE | |
| Title | Dorling Kindersley (5 vol.) |
| 500 ## - GENERAL NOTE | |
| General note | [Reference and index] - [5 vol.] |
| 650 ## - SUBJECT ADDED ENTRY--TOPICAL TERM | |
| Topical term or geographic name as entry element | Encyclopedias. |
| Withdrawn status | Lost status | Damaged status | Use restrictions | Home library | Current library | Shelving location | Date acquired | Source of acquisition | Total Checkouts | Full call number | Barcode | Date last seen | Price effective from | Koha item type |
|---|---|---|---|---|---|---|---|---|---|---|---|---|---|---|
| Munich Library | Munich Library | Reference Section | 12/23/2004 | REF 031 D67 1997 | M3450 | 04/14/2014 | 04/14/2014 | Books | ||||||
| Munich Library | Munich Library | Reference Section | 11/08/2006 | REF 031 D67 1997 | M3451 | 04/14/2014 | 04/14/2014 | Books | ||||||
| Munich Library | Munich Library | Reference Section | 11/08/2006 | REF 031 D67 1997 | M3452 | 04/14/2014 | 04/14/2014 | Books | ||||||
| Munich Library | Munich Library | Reference Section | 01/06/2011 | REF 031 D67 1997 | M3534 | 04/14/2014 | 04/14/2014 | Books |